| 000 | 01123pab a2200157 454500 | ||
|---|---|---|---|
| 008 | 180718b2004 xxu||||| |||| 00| 0 eng d | ||
| 100 | _aBehrens, Kristian | ||
| 245 | _aAgglomeration without trade: how non-traded goods shape the space-economy | ||
| 260 | _c2004 | ||
| 300 | _ap.68-92. | ||
| 362 | _aJan | ||
| 520 | _aWe develop a spatial general equilibrium model in which the absence of interregional trade is an endogenous outcome. Extending the model developed by Ottaviano, Tabuchi, and Thisse (Int. Econ. Rev.43 (2002)409), we show that equilibria without trade differ significantly from those obtained in the presence of trade, which suggests that the presence of non-traded goods has a significant impact on spatial structures. Somewhat surprisingly, equilibrium structures without trade are richer than those with trade because partial agglomeration becomes a feasible outcome. Equilibria now depend on the ratio of mobile to immobile factors and an increase in that ratio triggers a process of spatial agglomeration. - Reproduced. | ||
| 650 | _aTrade | ||
| 773 | _aJournal of Urban Economics | ||
| 909 | _a59544 | ||
| 999 |
_c59544 _d59544 |
||